000 00575nam a2200181 a 4500
008 120416s1969 ||||||||||||||||| || u
020 _a0231028768
050 _aQH 85 Nei
100 _aNeill, Wilfred T
245 1 4 _aThe geography of life
260 _aNew York
_bColumbia U.P
_c1969
300 _axiv, 480p. : ill
350 _a0.00
650 0 _aLIFE (BIOLOGY)
650 0 _aBIOLOGY
650 _aLIFE SCIENCES
995 _D0.00
_FCBU-MAIN LIBRARY (Kitwe)
_H1
_I7.50
_M1
_UAVAILABLE
_ZAnnex Low-Usage Collection
999 _c44471
_d44471